000 00373nam a2200133Ia 4500
008 151001s9999||||xx |||||||||||||| ||und||
100 _aनर्मदा इंदूरखा
245 _aभीष्म का आशिष
250 _a1
260 _bदिनेश साहित्य सदन
260 _c2008
300 _a16
365 _b21
999 _c992437
_d992434